Bretton Woods monetary conference--plans and achievements. (Record no. 89946)

MARC details
000 -LEADER
fixed length control field 01015cam a22002531 4500
001 - CONTROL NUMBER
control field sd 45000012
003 - CONTROL NUMBER IDENTIFIER
control field DLC
005 - DATE AND TIME OF LATEST TRANSACTION
control field 20260227112735.0
008 - FIXED-LENGTH DATA ELEMENTS--GENERAL INFORMATION
fixed length control field 941003s1944 nyu b f100 0 eng c
010 ## - LIBRARY OF CONGRESS CONTROL NUMBER
LC control number sd 45000012
035 ## - SYSTEM CONTROL NUMBER
System control number (OCoLC)31209560
040 ## - CATALOGING SOURCE
Original cataloging agency Library, U.S. Dept. of State. Libr.
Transcribing agency IEN
Modifying agency DLC
042 ## - AUTHENTICATION CODE
Authentication code premarc
050 00 - LIBRARY OF CONGRESS CALL NUMBER
Classification number D410
Item number .F65 vol. 20, no. 12
110 2# - MAIN ENTRY--CORPORATE NAME
Corporate name or jurisdiction name as entry element Foreign Policy Association.
245 10 - TITLE STATEMENT
Title Bretton Woods monetary conference--plans and achievements.
260 ## - PUBLICATION, DISTRIBUTION, ETC.
Place of publication, distribution, etc. [New York,
Name of publisher, distributor, etc. Foreign Policy Association, Incorporated
Date of publication, distribution, etc. [1944]
300 ## - PHYSICAL DESCRIPTION
Extent 1 p. l., 139-147, [1] p.
Dimensions 27 cm.
490 0# - SERIES STATEMENT
Series statement Foreign policy reports.
Volume/sequential designation Vol. XX, no. 12. September 1, 1944
500 ## - GENERAL NOTE
General note "Based on a memorandum specially prepared for the Foreign Policy Association."
500 ## - GENERAL NOTE
General note "Financial challenge of post-war period, by Grant S. McClellan": p. [148]
504 ## - BIBLIOGRAPHY, ETC. NOTE
Bibliography, etc. note Bibliographical foot-notes.
611 20 - SUBJECT ADDED ENTRY--MEETING NAME
Meeting name or jurisdiction name as entry element United Nations monetary and financial conference,
Date of meeting or treaty signing (1944 :
Location of meeting Bretton Woods, N.H.)

No items available.

Powered by Koha